000 00389nam a2200133 i 4500
001 bg
245 0 _aMatematyczne modelowanie ujęć wody podziemnej.
260 _aKraków,
_c1980.
040 _cBPK
041 _apol
942 _cKS
008 s pl f |000 0 pol
856 _uhttp://koha.tu.koszalin.pl/cgi-bin/koha/opac-detail.pl?biblionumber=19595
_yKatalog online BPK
999 _c19595
_d19595